000 00857 a2200193 4500
001 54275
005 20260407155814.0
008 260407a1965 arg spa d
003 AR-UNSa-BCEJYS
040 _aAR-UNSa-BCEJYS
_bspa
_cAR-UNSa-BCEJYS
080 _a336.74
_xMoneda. Sistema monetario
245 1 0 _aEl dinero y las estructuras monetarias
264 1 _aBuenos Aires :
_bAguilar
_c1965
300 _a316 p.
_c18 cm.
505 _a1. Carácter inmaterial del dinero – 2. Dinero escritural – 3. Teoría económica del dinero – 4. Teoría jurídica del dinero – 5. Nueva teoría jurídica del dinero – 6. Monedas y sistemas monetarios – 7. El oro – 8. Cambio exterior y régimen de divisas – 9. Hacia una moneda jurídica internacional.
942 _cBK
590 _aniveau_biblio:m niveau_hierar:0
100 1 _aOlarra Jiménez, Rafael
999 _c5444
_d5444